|
|
|
|
| LEADER |
02159nam a22003253i 4500 |
| 001 |
EBC30650010 |
| 003 |
MiAaPQ |
| 005 |
20231204023231.0 |
| 006 |
m o d | |
| 007 |
cr cnu|||||||| |
| 008 |
231204s2023 xx o ||||0 eng d |
| 020 |
|
|
|a 9789240074606
|q (electronic bk.)
|
| 035 |
|
|
|a (MiAaPQ)EBC30650010
|
| 035 |
|
|
|a (Au-PeEL)EBL30650010
|
| 040 |
|
|
|a MiAaPQ
|b eng
|e rda
|e pn
|c MiAaPQ
|d MiAaPQ
|
| 245 |
1 |
0 |
|a Standard Operating Procedure for Testing the Susceptibility of Adult Sand Flies to Insecticides in WHO Bottle Bioassays.
|
| 250 |
|
|
|a 1st ed.
|
| 264 |
|
1 |
|a Geneva :
|b World Health Organization,
|c 2023.
|
| 264 |
|
4 |
|c Ã2023.
|
| 300 |
|
|
|a 1 online resource (32 pages)
|
| 336 |
|
|
|a text
|b txt
|2 rdacontent
|
| 337 |
|
|
|a computer
|b c
|2 rdamedia
|
| 338 |
|
|
|a online resource
|b cr
|2 rdacarrier
|
| 505 |
0 |
|
|a Intro -- Acknowledgements -- Declarations of interest and confidentiality undertaking -- 1. Introduction, scope and purpose -- 2. Equipment, reagents and consumables -- 3. Health, safety and environmental protection -- 4. Sand flies -- 5. Preparation of stock solutions of discriminating concentrations -- 6. Bottle bioassay procedure -- 7. Criteria for test rejection -- 8. Data recording and calculation of test results -- 9. Interpretation of test results -- 10. Bottle washing procedure -- References -- Annex 1. Calculations for preparing solutions for WHO bottle bioassays -- Annex 2. Data collection form for testing susceptibility to insecticides of adult sand flies in WHO bottle bioassays.
|
| 588 |
|
|
|a Description based on publisher supplied metadata and other sources.
|
| 590 |
|
|
|a Electronic reproduction. Ann Arbor, Michigan : ProQuest Ebook Central, 2023. Available via World Wide Web. Access may be limited to ProQuest Ebook Central affiliated libraries.
|
| 655 |
|
4 |
|a Electronic books.
|
| 776 |
0 |
8 |
|i Print version:
|t Standard Operating Procedure for Testing the Susceptibility of Adult Sand Flies to Insecticides in WHO Bottle Bioassays
|d Geneva : World Health Organization,c2023
|
| 797 |
2 |
|
|a ProQuest (Firm)
|
| 856 |
4 |
0 |
|u https://ebookcentral.proquest.com/lib/matrademy/detail.action?docID=30650010
|z Click to View
|